Count down to elections / (Record no. 123386)

MARC details
000 -LEADER
fixed length control field 00751nam a22002537a 4500
005 - DATE AND TIME OF LATEST TRANSACTION
control field 20170124105924.0
010 ## - LIBRARY OF CONGRESS CONTROL NUMBER
LC control number A-386382
020 ## - INTERNATIONAL STANDARD BOOK NUMBER
Terms of availability 00.00
International Standard Book Number 8170232740
035 ## - SYSTEM CONTROL NUMBER
System control number A-386382
037 ## - SOURCE OF ACQUISITION
Source of stock number/acquisition Cen Lib/Ret
040 ## - CATALOGING SOURCE
Original cataloging agency DPL
Language of cataloging EN
082 ## - DEWEY DECIMAL CLASSIFICATION NUMBER
Classification number 324.954
100 ## - MAIN ENTRY--PERSONAL NAME
Personal name S.Nihal Singh
9 (RLIN) 5743
245 ## - TITLE STATEMENT
Title Count down to elections /
Statement of responsibility, etc by S.Nihal Singh
260 ## - PUBLICATION, DISTRIBUTION, ETC. (IMPRINT)
Place of publication, distribution, etc New Delhi
Name of publisher, distributor, etc Allied publishers
Date of publication, distribution, etc 1989
270 ## - ADDRESS
City New Delhi
Address 13/14,Asaf ali road
Postal code 110002
300 ## - PHYSICAL DESCRIPTION
Extent 220p.
Dimensions 21cm(Hb)
500 ## - GENERAL NOTE
General note
650 ## - SUBJECT ADDED ENTRY--TOPICAL TERM
Topical term or geographic name as entry element Political parties
9 (RLIN) 1274
650 ## - SUBJECT ADDED ENTRY--TOPICAL TERM
Topical term or geographic name as entry element Party system
9 (RLIN) 5744
650 ## - SUBJECT ADDED ENTRY--TOPICAL TERM
Topical term or geographic name as entry element राजनीतिक दल
9 (RLIN) 5745
650 ## - SUBJECT ADDED ENTRY--TOPICAL TERM
Topical term or geographic name as entry element पार्टी सिस्टम
9 (RLIN) 5746
942 ## - ADDED ENTRY ELEMENTS (KOHA)
Source of classification or shelving scheme Dewey Decimal Classification
Koha item type English Books
Classification part 324.954
Call number suffix NIH
Holdings
Withdrawn status Lost status Damaged status Not for loan Home library Current library Date acquired Source of acquisition Cost, normal purchase price Total Checkouts Full call number Barcode Date last seen Copy number Cost, replacement price Price effective from Koha item type Public note
Written off       Central Library Central Library 05/06/2015 Cen Lib/Ret 0.00   324.954 NIH A-386382 05/06/2015 1 0.00 15/09/2016 English Books W/d List No. 6888/ 16; dtd 09/09/2020

© Delhi Public Library
Hit Counter
free hit counter